000 00752nam a2200241 a 4500
001 BRL_1653
005 20190320211316.0
008 210414s1980----mx-ab#####---#000-0#spa-#
020 _a9684400357
041 _aspa
044 _amx
050 4 _aF1231
_b.T67 1980
100 1 _aTorres Quintero, Gregorio
_927544
245 1 0 _aMéxico hacia el fin del virreinato español
_bantecedentes sociológicos del pueblo mexicano
_cGregorio Torres Quintero.
260 _aMéxico
_bCosmos
_c1980
300 _a156 p.
_bil., mapas
_c20 cm.
500 _aAu1892
651 4 _aMéxico
_xHistoria
_yColonia, 1521-1821
_912461
651 4 _aMéxico
_xProblemas raciales
_927545
651 4 _aMéxico
_xCondiciones sociales
_9810
902 _aGRL
942 _2lcc
_cB
999 _c10462
_d10462